عرض عادي
عرض مارك
- COMPUTERS / Software Development & Engineering / General.
مدخل مصطلح موضوعي
001 - رقم الضبط
- حقل الضبط: 56688
003 - معرف رقم الضبط
- حقل الضبط: OSt
005 - تاريخ ووقت أخر عملية
- حقل الضبط: 20161123122305.0
008 - عناصر بيانات ثابتة الطول
- حقل تحكم ثابت الطول: 161123|| aca||aabn | a|a d
040 ## - مصدر الفهرسة
- هيئة الفهرسة الأصلية: OSt
- وكالة الكتابة: OSt
150 ## - مدخل-- مصطلح تاريخي
- عنصر مدخل المصطلح الموضوعي او الاسم الجغرافي: COMPUTERS / Software Development & Engineering / General.
670 ## - بيانات المصدر موجوده
- الاستشهاد بالمصدر: Work cat.: (OSt)0: Jorgensen, Paul. 56686, Software testing :
